| 000 | 00921cam a2200265 i 4500 | ||
|---|---|---|---|
| 003 | OSt | ||
| 005 | 20260205124745.0 | ||
| 008 | 791002s1980 ctu b 001 0 eng | ||
| 020 | _a0300024452 | ||
| 020 | _a0300025289 | ||
| 020 | _a9780300025286 | ||
| 040 |
_aKABLIB _cKABLIB _erda |
||
| 082 |
_a`301.44 _223 _bPOL |
||
| 100 | 1 |
_aPolsby, Nelson W. _915289 |
|
| 245 | 1 | 0 |
_aCommunity power and political theory : _ba further look at problems of evidence and inference / _cNelson W. Polsby. |
| 250 | _a2nd ed. | ||
| 260 |
_aNew Haven : _bYale University Press, _cc1980. |
||
| 300 |
_axxvi, 245 p. ; _c24 cm. |
||
| 504 | _aIncludes index. | ||
| 650 | 0 |
_aMunicipal government _zUnited States _xCase studies. _915290 |
|
| 650 | 0 |
_aCommunity power _zUnited States _xCase studies. _915291 |
|
| 650 | 0 |
_aSocial classes _zUnited States. _915292 |
|
| 651 | 0 |
_aNew Haven (Conn.) _xPolitics and government. _915293 |
|
| 942 |
_2ddc _cBOOK |
||
| 999 |
_c6041 _d6041 |
||